Reštrukturalizácia alebo konkurz: dilema veriteľa
Reštrukturalizácia je zákonom presne stanovený proces, ktorého účelom je sanácia, teda ekonomická záchrana dlžníka pred veriteľmi. Proces sanácie umožní dlžníkovi počas reštrukturalizácie pokračovať v podnikateľskej alebo inej ekonomickej činnosti. Podmienky reštrukturalizácie upravuje zákon č. 7/20...
Gespeichert in:
| 1. Verfasser: | |
|---|---|
| Format: | Buchkapitel |
| Sprache: | Slowakisch |
| Schlagworte: | |
| Tags: |
Keine Tags, Fügen Sie das erste Tag hinzu!
|
MARC
| LEADER | 00000naa a2200000 4500 | ||
|---|---|---|---|
| 001 | 0213948 | ||
| 005 | 20220725111603.0 | ||
| 041 | 0 | |a slo | |
| 044 | |a SK | ||
| 245 | 1 | 0 | |a Reštrukturalizácia alebo konkurz: dilema veriteľa |c Katarína Bystrická |
| 520 | |a Reštrukturalizácia je zákonom presne stanovený proces, ktorého účelom je sanácia, teda ekonomická záchrana dlžníka pred veriteľmi. Proces sanácie umožní dlžníkovi počas reštrukturalizácie pokračovať v podnikateľskej alebo inej ekonomickej činnosti. Podmienky reštrukturalizácie upravuje zákon č. 7/2005 Z. z. o konkurze a reštrukturalizácii. | ||
| 610 | 2 | 0 | |a reštrukturalizácia |
| 610 | 2 | 0 | |a konkurzy |
| 610 | 2 | 0 | |a zmeny štruktúrne |
| 610 | 2 | 0 | |a konanie konkurzné |
| 610 | 2 | 0 | |a reorganizácia finančná |
| 610 | 2 | 0 | |a reštrukturalizácia finančná |
| 610 | 2 | 0 | |a vyrovnanie |
| 100 | 1 | |a Bystrická, Katarína | |